| 000 | 00632cam a2200205 4500500 | ||
|---|---|---|---|
| 005 | 20260329001851.0 | ||
| 041 | _afre | ||
| 042 | _adc | ||
| 100 | 1 | 0 |
_aBaillargeon, Normand _eauthor |
| 245 | 0 | 0 | _aPeter Singer. “Tous les êtres sensibles ont les mêmes droits” |
| 260 | _c2009. | ||
| 500 | _a88 | ||
| 690 | _aAnimal | ||
| 690 | _aDarwin | ||
| 690 | _aÉgalité | ||
| 690 | _aPeter Singer | ||
| 690 | _aUtilitarisme | ||
| 786 | 0 | _nPhilosophie magazine | 33 | 10 | 2009-10-01 | p. 22-24 | 1951-1787 | |
| 856 | 4 | 1 | _uhttps://shs.cairn.info/magazine-philosophie-magazine-2009-10-page-22?lang=fr&redirect-ssocas=7080 |
| 999 |
_c1809448 _d1809448 |
||